[Event "Sibiria Region-ch"]
[Site "Novosibirsk"]
[Date "2003.??.??"]
[Round "4"]
[White "Andreev, Afrikan"]
[Black "Popov, Vladimir Tajga"]
[Result "1-0"]
[WhiteElo "2341"]
[BlackElo "2104"]
[PlyCount "83"]
[EventDate "2003.05.??"]
[EventType "swiss"]
[EventRounds "9"]
[EventCountry "RUS"]
[SourceTitle "EXT 2008"]
[Source "ChessBase"]
[SourceDate "2007.11.25"]
[SourceVersion "1"]
[SourceVersionDate "2007.11.25"]
[SourceQuality "1"]

1. d4 d5 2. Nf3 e6 3. c4 Nf6 4. e3 c5 5. cxd5 exd5 6. Nc3 Nc6 7. Be2 Be7 8. dxc5 Bxc5 9. 0-0 0-0 10. b3 a6 11. Bb2 Be6 12. Rc1 Qe7 13. Na4 Ba7 14. Nd4 Bd7 15. Nxc6 Bxc6 16. Bd4 Bxd4 17. Qxd4 Rad8 18. Nc5 Rd6 19. Rfd1 Rfd8 20. f3 Ne8 21. Rc3 Rh6 22. Rdc1 Rdd6 23. g3 Qg5 24. f4 Qf5 25. R1c2 Rxh2 26. Kxh2 Rh6+ 27. Kg1 Qh3 28. Bf1 Qh1+ 29. Kf2 Qh2+ 30. Ke1 Qxg3+ 31. Kd2 Rh1 32. Rc1 Rh2+ 33. Be2 Qg2 34. Re1 Nf6 35. Kd1 h5 36. Rc2 Bb5 37. Bd3 Qf3+ 38. Kc1 Rxc2+ 39. Bxc2 h4 40. Rg1 h3 41. Qxf6 Qxe3+ 42. Kb2 1-0

[Event "Sibiria Region-ch"]
[Site "Novosibirsk"]
[Date "2003.??.??"]
[Round "5"]
[White "Popov, Vladimir Tajga"]
[Black "Popov, Eugeny Vladimirovic"]
[Result "1/2-1/2"]
[WhiteElo "2104"]
[BlackElo "2133"]
[PlyCount "86"]
[EventDate "2003.05.??"]
[EventType "swiss"]
[EventRounds "9"]
[EventCountry "RUS"]
[SourceTitle "EXT 2008"]
[Source "ChessBase"]
[SourceDate "2007.11.25"]
[SourceVersion "1"]
[SourceVersionDate "2007.11.25"]
[SourceQuality "1"]

1. d4 Nf6 2. c4 e6 3. Nf3 Bb4+ 4. Bd2 Be7 5. Nc3 d5 6. e3 0-0 7. cxd5 exd5 8. Bd3 c6 9. 0-0 Bg4 10. Rb1 a5 11. Be2 Bf5 12. Rc1 Ne4 13. Nxe4 Bxe4 14. Ne5 f6 15. Nd3 Bd6 16. Nc5 Bxc5 17. dxc5 Nd7 18. Qb3 Qc7 19. a4 Kh8 20. Bc3 Nxc5 21. Qd1 Nd7 22. Qd2 Ne5 23. Bd4 Rfd8 24. Qc3 Nd7 25. Rfd1 Bf5 26. Qb3 Qb8 27. Rc3 Re8 28. Rd2 Nf8 29. Bb6 Nd7 30. Bd4 Be6 31. Qc2 Qd8 32. Rb3 c5 33. Bxc5 d4 34. Rxb7 Bd5 35. Ra7 Rxa7 36. Bxa7 Qa8 37. Rxd4 Bxg2 38. Rg4 Be4 39. Qc7 Bf5 40. Rd4 Rc8 41. Qxa5 Bh3 42. f3 Ne5 43. Qd5 Nc6 1/2-1/2